HOMBRE Y MUJER: LOS RIESGOS SEXUALES EN EL MATRIMONIO/

TRADUCCION DE: LES RIQUES SEXUALES DU MARIAGE

Salvato in:
Dettagli Bibliografici
Autore principale: Koning, F. (autor)
Natura: Libro
Soggetti:
Tags: Aggiungi Tag
Nessun Tag, puoi essere il primo ad aggiungerne!!

MARC

LEADER 00000nam^a2200000^a^4500
001 000222458
005 20250521000000.0
009 20260310103946.239
020 |a 84-02-02831-4 
035 |a 041336 
037 |a Acervo Xavier Clavigero 
082 |a 306. 8  |b KON 
100 |a Koning, F.  |e (autor) 
245 1 0 |a HOMBRE Y MUJER:  |b LOS RIESGOS SEXUALES EN EL MATRIMONIO/  |c F. KONING; TR. C. ZARAGOZA 
264 |a BARCELONA :  |b BRUGUERA,  |c 1970 
300 |a 555p. 
336 |a texto  |b txt  |2 rdacontenido 
337 |a sin mediación  |b n  |2 rdamedio 
338 |a volumen  |b nc  |2 rdasoporte 
520 |a TRADUCCION DE: LES RIQUES SEXUALES DU MARIAGE 
649 |a XX 
650 |a Matrimonio 
650 |a SEXO 
910 |a Fondo General 
920 |a Impresos - Libros 
930 |a Colección General 
905 |a 101 
901 |a 041336  |b IT1  |c ACC  |i 041336  |u 20250521 
902 |a https://opac.biblio.iteso.mx/vufind/Record/000222458